000 00311nam a22001217a 4500
040 _cSY
082 _a333 JER 1999 C093
100 _aJeroen C.J.M van den Bergh
245 _aHandbook of Environmental and Resource Economic
260 _aUSA
_bJeroen C.J.M van den Bergh
_c1999
300 _a1300p
942 _cEK
999 _c11213
_d11213